000 00764nam a22002057a 4500
999 _c21258
_d21258
003 AR-CdUCM
008 190516b ||||| |||| 00| 0 spa d
040 _aMUNICIPALIDAD PROVINCIAL DEL CUSCO
_cBIBLIOTECA MUNICIPAL DEL CUSCO
082 _a510.024/C77
_bC77
100 _aCorahua Salcedo, Leonardo
_944407
245 _aTópicos de modelos lineales /
260 _aCusco ;
_bGlobal impresores,
_c2017.
300 _a105 paginas ;
_c20 cm.
505 _aContenido: Función de densidad multivariada -- Función generadora de momentos -- Distribuciones cuadráticas -- Modelos lineales ...
650 _aMatemáticas para ingenieros
_939959
650 _aEcuación matemática
_944408
650 _aModelo lineal
_944409
942 _2ddc
_cLIBROS
945 _aRoel